| 000 | 00000nam##2200000za#4500 |
| 001 | 9.624935 |
| 003 | CaOODSP |
| 005 | 20220107134005 |
| 007 | ta |
| 008 | 150406|1999||||xxc||||| f|0| 0 fre|d |
| 020 | |a0-662-83352-X |
| 040 | |aCaOODSP|bfre |
| 043 | |an-cn--- |
| 086 | 1 |aH72-22/8-1998F |
| 110 | 2 |aCentre national d'information sur la violence dans la famille (Canada) |
| 245 | 10|aL'exploitation financière des aînés / |
| 260 | |aOttawa - Ontario : |bSanté Canada. |c1999. |
| 300 | |a12p. : |bréférences ; |c28 cm. |
| 490 | 1 |aRenseignements du Centre national d'information sur la violence dans la famille |
| 563 | |aCouverture souple |
| 590 | |a99-22|b1999-06-04 |
| 691 | 07|aViolence faite aux personnes âgées|2gcpds |
| 720 | 1 |aLukawiecki, Teresa |
| 775 | 08|tFinancial abuse of older adults |w(CaOODSP)9.614651 |
| 776 | 0#|tL'exploitation financière des aînés |w(CaOODSP)9.603151 |
| 830 | #0|aRenseignements du Centre national d'information sur la violence dans la famille.|w(CaOODSP)9.513100 |